INTERNATIONAL TRADE IN GRAIN AND THE WORLD FOOD ECONOMY (Record no. 19848)
[ view plain ]
| 000 -LEADER | |
|---|---|
| fixed length control field | 00418nam a22001217a 4500 |
| 020 ## - INTERNATIONAL STANDARD BOOK NUMBER | |
| International Standard Book Number | |
| 082 ## - DEWEY DECIMAL CLASSIFICATION NUMBER | |
| Classification number | 380.141BAS |
| 100 ## - MAIN ENTRY--PERSONAL NAME | |
| Personal name | Geoffrey Bastin & John Ellis |
| 245 ## - TITLE STATEMENT | |
| Title | INTERNATIONAL TRADE IN GRAIN AND THE WORLD FOOD ECONOMY |
| 260 ## - PUBLICATION, DISTRIBUTION, ETC. | |
| Place of publication, distribution, etc. | London |
| Name of publisher, distributor, etc. | The Economist Intelligency unit ltd |
| Date of publication, distribution, etc. | 1980 |
| 300 ## - PHYSICAL DESCRIPTION | |
| Extent | 174p. |
| Other physical details | ill;29cm |
| 942 ## - ADDED ENTRY ELEMENTS (KOHA) | |
| Koha item type | Books |
| Withdrawn status | Lost status | Damaged status | Not for loan | Home library | Current library | Shelving location | Date acquired | Total Checkouts | Full call number | Date last seen | Price effective from | Koha item type |
|---|---|---|---|---|---|---|---|---|---|---|---|---|
| IFM Main Campus Library | IFM Main Campus Library | Archival Collection | 08/14/2018 | 380.141BAS | 08/14/2018 | 08/14/2018 | Books |
